Mice twice / (Record no. 5156)

MARC details
000 -LEADER
fixed length control field 00866nam a22003017a 4500
001 - CONTROL NUMBER
control field 5156
003 - CONTROL NUMBER IDENTIFIER
control field FISKH
005 - DATE AND TIME OF LATEST TRANSACTION
control field 20250808144601.0
008 - FIXED-LENGTH DATA ELEMENTS--GENERAL INFORMATION
fixed length control field 241108b cb ||||| |||| 00| 0 eng d
020 ## - INTERNATIONAL STANDARD BOOK NUMBER
International Standard Book Number 9780689878329
040 ## - CATALOGING SOURCE
Original cataloging agency FISKH
Language of cataloging eng
Transcribing agency FISKH
Modifying agency FISKH
050 ## - LIBRARY OF CONGRESS CALL NUMBER
Classification number PZ7.L9598
082 ## - DEWEY DECIMAL CLASSIFICATION NUMBER
Classification number 372.214
100 ## - MAIN ENTRY--PERSONAL NAME
Personal name Low, Joseph
Dates associated with a name (1911–2007)
245 ## - TITLE STATEMENT
Title Mice twice /
Statement of responsibility, etc. story & pictures by Joseph Low
250 ## - EDITION STATEMENT
Edition statement 1980
260 ## - PUBLICATION, DISTRIBUTION, ETC.
Place of publication, distribution, etc. New York :
Name of publisher, distributor, etc. Aladin,
Date of publication, distribution, etc. 1980.
300 ## - PHYSICAL DESCRIPTION
Extent 28 pages :
Other physical details Color illustrations ;
Dimensions 22 cm
505 ## - FORMATTED CONTENTS NOTE
Formatted contents note N<br/>
520 ## - SUMMARY, ETC.
Summary, etc. A round of uneasy hospitality results when Mouse and Dog arrive at Cat's house for dinner.
521 8# - TARGET AUDIENCE NOTE
Target audience note 530L<br/>
Source Lexile<br/>
521 8# - TARGET AUDIENCE NOTE
Target audience note N<br/>
Source Raz-Plus<br/>
650 ## - SUBJECT ADDED ENTRY--TOPICAL TERM
Source of heading or term Animals
Topical term or geographic name entry element Mice
650 ## - SUBJECT ADDED ENTRY--TOPICAL TERM
Source of heading or term Picture book
Topical term or geographic name entry element Fantasy
700 ## - ADDED ENTRY--PERSONAL NAME
Personal name Low, Joseph
Dates associated with a name Illustrator
942 ## - ADDED ENTRY ELEMENTS (KOHA)
Source of classification or shelving scheme Dewey Decimal Classification
Koha item type Books
Suppress in OPAC No
Holdings
Withdrawn status Lost status Source of classification or shelving scheme Damaged status Not for loan Collection Home library Current library Shelving location Date acquired Total Checkouts Full call number Barcode Date last seen Copy number Price effective from Koha item type
    Dewey Decimal Classification     Juvenile Fiction Footprints International School Library Network Toul Kork Campus Footprints International School Library Network Toul Kork Campus TK Primary Library Room(4th Floor), Bookcase 3&4, Shelves 17-32, Yellow Books 11/08/2024   LOW 372.214 PZ7.L9598 FISTK01770 11/08/2024 1 11/08/2024 Books
    Dewey Decimal Classification     Juvenile Fiction Footprints International School Library Network Toul Tom Poung Campus Footprints International School Library Network Toul Tom Poung Campus TTP Primary Yellow Bookshelves 08/08/2025   LOW 372.214 PZ7.L9598 FIS02620 08/08/2025 2 08/08/2025 Books